000 01076nam a2200253 a 4500
001 000382158
003 AM-YeHGA
005 20250618072319.0
008 041115s1985 ai 000 | arm d
040 _aAM-YeHGA
041 0 _aarm
_arus
100 0 _aԽնկո Ապեր,
_d1870-1935
245 1 0 _aԱռակներ /
_cԽնկո-Ապեր; Կազմ.՝ Կ.Ժ. Սաֆրազյան; Խմբ.՝ Օ.Հ. Պապոյան, Ն.Ռ. Արաբյան; Նկ.՝ Ս.Գ. Սաֆյան.
246 1 5 _aБасни
260 _aԵրևան :
_bԼույս,
_c1985.
300 _a[24] էջ :
_bգունանկ. ;
_c26 սմ.
440 0 _aՈւզում եմ սովորել ռուսերեն
546 _aԲնագիրը զուգ.՝ հայ. և ռուս. լեզուներով
650 1 4 _aՀայ մանկական գրականություն
_xԱռակ
700 1 _aՍաֆրազյան, Կ.Ժ.
_eկազմ.
_4com
700 1 _aՊապոյան, Օկտյաբրինա Համբարձումի
_eխմբ.
_4edt
700 1 _aՍաֆյան, Սպարտակ Գևորգի,
_d1929-2001
_eնկ.
_4art
_94028
090 _c147210
999 _c145825
_d145825